000 00790nam a22002177a 4500
003 UA-OsUOA
001 60977
007 ta
008 20090615b un ||||| |||| 00| 0 ukr d
100 _aДавидова І.
090 _a659
_bД13
942 _cSA
040 _aUA-OsUOA
_bukr
_cUA-OsUOA
_dUA-OsUOA
245 _aІнноваційність в управлінні діяльністю документно- коммунікаційних структур
300 _aС.28-31
955 _a0
041 _aukr
080 _a659
773 0 _w60975
_tВісник книжкової палати
_dК.
_d2009
_g1
650 7 _a659 Реклама. Система інформації. Громадська інформація та реклама (Паблик-Рилейшнз)
_2UDC
999 _c347186
_d347186